Sugar and salt
| Main Author: | |
|---|---|
| Format: | Book |
| Published: |
Petaling Jaya :
Tioman Books ,
1993
|
MARC
| LEADER | 00000cam a2200000 7i4500 | ||
|---|---|---|---|
| 001 | 0000001223 | ||
| 002 | 000001348 | ||
| 005 | 20000330.0 | ||
| 020 | |a 9839073508 | ||
| 090 | 0 | 0 | |a F |b ONG |
| 100 | 1 | |a Ong, Johnny | |
| 245 | 1 | 0 | |a Sugar and salt |c Johnny Ong |
| 260 | |a Petaling Jaya : |b Tioman Books , |c 1993 | ||
| 300 | |a 207 p. ; |c 18 cm. | ||
| 999 | |a 032624 |b BUKU |c PINJAMAN |e PERPUSTAKAAN KOMUNITI PETALING JAYA | ||
| 999 | |a 032625 |b BUKU |c PINJAMAN |e PERPUSTAKAAN KOMUNITI PETALING JAYA | ||
| 999 | |a 032626 |b BUKU |c PINJAMAN |e PERPUSTAKAAN KOMUNITI PETALING JAYA | ||